000 00654nam a2200289Ia 4500
005 20260324143313.0
008 008 260324s9999 xx 000 0 eng d
020 _a9781315070346
037 _aEBOOK
040 _aCRL
040 _beng
040 _cCRL
041 _2eng
041 _aeng
084 _qCRL
100 _aSandra Postel
_91061443
245 4 _aThe Last Oasis
245 0 _bFacing Water Scarcity
260 _bTaylor and Francis
260 _c1992
365 _a
365 _b205
856 _uhttp://www.taylorfrancis.com/books/9781315070346
942 _cEBOOK
999 _c1820361
_d1820361